000 00351nam a2200133Ia 4500
005 20251222144828.0
008 251222s9999||||xx |||||||||||||| ||spa||
020 _a978-612-311-190-8
082 _a344.01/C24E/2014
100 _aCampos Torres, Sara Rosa
245 0 _aRegĂ­menes Laborales Especiales 2014
264 _bGaceta JurĂ­dica
942 _cLIB
999 _c20727
_d20727